00455nam a2200157Ia 450000500170000000800410001708200130005824500160007126000450008730000160013265000100014870000240015894200060018295200940018899900150028220241021011248.0240331s9999 xx 000 0 und d bPAPa821 0aPaper boats aColombobWomen's Education Centrec1989 aV, 41 P ., aPoems aRanaweera, E. eedt cL 001040708LaWERCLbWERCLcSSCd2024-03-31l0o 821 PAPp301r2024-03-31w2024-03-31yL c3350d3350